| 000 | 00740cam a2200229 a 4500 | ||
|---|---|---|---|
| 001 | 13662487 | ||
| 005 | 20250120130503.0 | ||
| 008 | 040722s2006 ohua b 001 0 eng d | ||
| 020 | _a0324226292 | ||
| 020 | _a9780324226294 | ||
| 050 | 0 | 0 |
_aHF5667 _b.R58 2006 |
| 082 | 0 | 0 |
_a657/.45 _222 |
| 100 | 1 | _aRicchiute, David N. | |
| 245 | 1 | 0 |
_aAuditing / _cDavid N. Ricchiute. |
| 250 | _a8th ed. | ||
| 260 |
_aMason, Ohio : _bSouth-Western/Thomson Learning, _cc2006. |
||
| 300 |
_axxiii, 810 p. : _bill. (some col.) ; _c27 cm. |
||
| 500 | _aRev. ed. of: Auditing and assurance services. 7th ed. c2003. | ||
| 650 | 0 | _aAuditing. | |
| 856 | 4 | 1 |
_3Table of contents _uhttp://www.loc.gov/catdir/toc/fy054/2004110741.html |
| 942 |
_2lcc _cBK _e8th Ed. _n0 |
||
| 999 |
_c2722 _d2722 |
||